[Event "RUS-chT Blitz Women 2018"]
[Site "Sochi"]
[Date "2018.10.10"]
[Round "1.1"]
[White "Ambartsumova, Karina"]
[Black "Pogonina, Natalija"]
[Result "1/2-1/2"]
[WhiteElo "2379"]
[BlackElo "2485"]
[Annotator "TA"]
[PlyCount "90"]
[EventDate "2018.10.10"]
[EventType "swiss"]
[EventCountry "RUS"]
[SourceTitle "playchess.com"]
[Source "ChessBase"]
[SourceQuality "1"]

{[%evp 12,90,1,0,7,0,0,0,24,-1,0,0,-2,-2,0,-13,-13,0,0,-18,-14,-14,0,0,0,-12,-14,-38,-19,-18,-14,-32,-24,-24,-24,-21,0,-22,-31,-45,-8,-25,-11,-11,-18,-52,-47,-54,5,5,5,0,0,0,9,0,8,0,0,0,0,0,28,0,0,0,0,-27,0,0,0,0,0,0,0,0,0,0,0,0,0]} 1. d4 Nf6 2. Nf3 d5 3. Bf4 Bf5 4. e3 e6 5. c4 Bd6 (5... Bxb1 6. Rxb1 Bb4+ 7. Ke2 dxc4 8. Qa4+ Nc6 9. Ne5 a5 10. Nxc6 Qd7 11. g3 Nd5 12. Bg2 Ra6 13. a3 Be7 14. Rhc1 Qxc6 15. Qxc4 Nxf4+ 16. gxf4 Qxg2 17. Qxc7 Bd8 18. Qe5 Rc6 19. Rxc6 bxc6 20. Qc5 Qd5 {0-1 (20) So,W (2780)-Wei,Y (2729) chess.com INT 2018}) 6. Bg3 {D02: 1 d4 d5 2 Nf3 sidelines, including 2...Nf6 3 g3 and 2...Nf6 3 Bf4} O-O 7. Nc3 {LiveBook: 7 Games} dxc4 8. Bxc4 Nbd7 9. O-O Nb6 $146 ({Predecessor:} 9... Bxg3 10. hxg3 c5 11. Qb3 Rb8 12. dxc5 Nxc5 13. Qa3 {1-0 (47) Georgiev,V (2518)-Mahmoody,M (2242) Istanbul 2006}) 10. Bd3 Bxd3 11. Qxd3 Bxg3 12. hxg3 c5 13. Rfd1 cxd4 14. Nxd4 Qe7 15. Qb5 Rfd8 16. Nf3 Nbd5 17. Nxd5 Nxd5 18. e4 Nf6 19. Qa4 a6 20. Rac1 h6 21. Rxd8+ Rxd8 22. e5 Nd5 23. a3 Qe8 24. Qe4 Qb5 25. Rc2 Qd7 (25... g5 {is interesting.} 26. Ne1 Qb3 27. Qe2 Ne7 28. Rc3 Qd1) 26. g4 g6 27. g5 h5 28. Qc4 Nb6 29. Qc7 Nd5 (29... Qd1+ $1 $15 30. Kh2 Rc8) 30. Qxd7 $11 Rxd7 {[%mdl 4096] Endgame KRN-KRN} 31. Kf1 Kf8 32. g3 Ke7 33. Ke2 Nc7 34. Nd2 Nb5 {[#] White must now prevent ...Nd4+.} 35. Nb3 Rd5 36. f4 Kd8 37. a4 (37. Rc4 {feels hotter.} b6 38. Rc6 a5 39. Rc4 Kd7 40. a4) 37... Nd4+ 38. Nxd4 Rxd4 {KR-KR} 39. b3 Kd7 (39... h4 $5) 40. Ke3 {The position is equal.} Rd1 41. Rc3 a5 42. Kf3 b6 43. Ke2 Rd5 44. Ke3 Rd1 45. Ke2 Rd5 {Precision: White = 39%, Black = 53%.} 1/2-1/2

[Event "RUS-chT Blitz Women 2018"]
[Site "Sochi"]
[Date "2018.10.10"]
[Round "1.2"]
[White "Girya, Olga"]
[Black "Nebolsina, Vera"]
[Result "0-1"]
[WhiteElo "2479"]
[BlackElo "2220"]
[Annotator "TA"]
[PlyCount "110"]
[EventDate "2018.10.10"]
[EventType "swiss"]
[EventCountry "RUS"]
[SourceTitle "playchess.com"]
[Source "ChessBase"]
[SourceQuality "1"]

{[%evp 14,110,18,17,27,23,26,4,14,-1,27,15,60,51,58,51,76,61,85,101,123,129,178,170,168,175,168,89,128,102,161,157,203,176,192,175,191,182,180,165,176,173,178,143,134,125,110,98,102,85,96,77,164,28,147,-11,47,52,24,0,40,-44,-26,-31,0,0,0,0,0,0,213,119,191,77,116,0,42,45,176,183,471,0,0,-64,-9,-14,-11,-214,-96,-219,-218,-567,-257,-263,-196,-675,-207,-2821,-24]} 1. d4 Nf6 2. Nf3 g6 3. Bg5 Bg7 4. Nbd2 d6 5. c3 h6 6. Bh4 O-O 7. e4 Nbd7 8. Be2 {LiveBook: 49 Partien} b6 {A48: Königsindisch (ohne c2-c4)} (8... e5 9. dxe5 dxe5 10. O-O Qe8 11. Qc2 Nc5 12. b4 Ne6 13. Rfe1 Nf4 14. Bf1 Bg4 15. Re3 Nd7 16. Nc4 Kh7 17. Nfd2 f6 18. f3 Be6 {0-1 (50) Burdalev,K (2377)-Movsesian,S (2635) Pardubice 2018}) 9. O-O Bb7 10. Qc2 Nh5 {Die Stellung ist ausgeglichen.} 11. Rfe1 Nf4 $146 ({Vorgänger:} 11... g5 12. Bg3 e5 13. dxe5 Nxg3 14. hxg3 dxe5 15. Nc4 Qe7 16. Ne3 Nc5 17. Nd2 {1-0 (33) Burdalev,K (2279)-Bogdanov,E (2103) Kiev 2010}) 12. Bf1 c5 13. d5 g5 14. Bg3 Ng6 15. a4 a6 16. Nc4 {[%cal Bd2c4,Bc4e3,Be3f5][%mdl 32]} b5 17. Ne3 c4 18. Nf5 Nde5 19. Nxe5 dxe5 20. Rad1 (20. b3 $18) 20... Qd7 21. f3 Kh7 (21... Rfb8 $16) 22. Bf2 $18 Bf6 23. axb5 axb5 24. b3 Rfc8 25. bxc4 bxc4 26. Rb1 Ba6 27. Rb6 Bb5 28. Rb1 Ba4 29. Qd2 Bb3 30. Ne3 Ra2 31. Qe1 Nf4 32. Ng4 Kg7 (32... Bg7 $16) 33. Qe3 (33. g3 $18 h5 34. Nxf6 (34. gxf4 hxg4 35. f5 gxf3 $11) 34... Nh3+ 35. Bxh3 Qxh3 36. Ra1 exf6 37. Rxa2 Bxa2 38. Qa1) 33... Rca8 (33... Bc2 $11) 34. h4 $2 {[#]} (34. g3 $16 Nh5 35. Rc1) 34... h5 (34... Bc2 $1 $11) 35. Nxf6 $14 exf6 36. Qc5 Rc8 37. Qd6 (37. Rc6 $14 Ne6 38. Qd6 Qxd6 39. Rxd6) 37... Qxd6 $15 38. Rxd6 Rca8 39. hxg5 fxg5 40. Be3 $36 {[%mdl 2048] Schwarz steht unter Druck.} f6 41. Rc6 R2a4 $2 {[#]} (41... g4 $11 {und Schwarz steht sicher.}) 42. d6 (42. Rc7+ $18 Kh6 43. g3) 42... Kf7 (42... Ra2 $16 {ist wohl besser.}) 43. g3 (43. Rc7+ $18 {bietet bessere Gewinnchancen.} Kf8 44. g3) 43... Ne6 $16 44. Bh3 (44. Rb2 $16) 44... g4 45. fxg4 hxg4 ({Günstiger ist} 45... Ra1 $1 $14 46. Rf1 Bc2) 46. Bxg4 $18 {Droht stark Tc7+!} Rg8 $2 (46... R4a6 47. Bb6 Ba4 48. Rxc4 Bd7) 47. Bxe6+ $2 ({Der einzige Zug:} 47. Bh5+ $18 Kg7 48. d7) 47... Kxe6 $11 48. Bf2 ({Besser ist} 48. Bc5 $11) 48... Kd7 (48... Bc2 $15 49. Re1 Rg4) 49. Rb6 Bc2 50. Rc1 $2 (50. Rb7+ $1 $11 {und Weiss muss sich keine Sorgen machen.} Ke6 51. Re1) 50... Bd3 (50... Bxe4 $19 {und Schwarz behält klar die Oberhand.} 51. Rb2 Rh8) 51. Rd1 (51. Rb7+ $17 {war angesagt.} Kxd6 52. Rb6+ Ke7 53. Re1) 51... Bxe4 $19 52. Kf1 $2 (52. Re1 {ist eine bessere Chance.} Bc6 53. Rb2) 52... Rh8 (52... Ra2 $142 {( -> ...Th8)} 53. Re1 f5) 53. Re1 Bf3 54. Bg1 $2 (54. Rb2) 54... Rh1 $2 (54... Ra2 {[%csl Ga2][%cal Rf3g2]} 55. Reb1 Bg2+ 56. Ke1 Rh1) 55. Re3 $2 (55. Rb2) 55... Ra2 $2 {[%mdl 32768] Precision: Weiß = 24%, Schwarz = 22%. . Loss on Time!?} (55... Ra1+ $19 56. Kf2 Bg4 57. Rb7+ Kxd6) 0-1

[Event "RUS-chT Blitz Women 2018"]
[Site "Sochi"]
[Date "2018.10.10"]
[Round "1.3"]
[White "Markelova, Lubov"]
[Black "Guseva, Marina"]
[Result "1-0"]
[WhiteElo "2190"]
[BlackElo "2292"]
[Annotator "TA"]
[PlyCount "73"]
[EventDate "2018.10.10"]
[EventType "swiss"]
[EventCountry "RUS"]
[SourceTitle "playchess.com"]
[Source "ChessBase"]
[SourceQuality "1"]

{[%evp 13,73,-16,13,19,19,13,23,16,22,7,7,14,20,15,218,131,247,225,420,227,582,595,592,589,1237,952,1374,1366,1787,1743,29995,29989,29989,29990,29990,29985,29985,29986,29957,1748,29989,1487,5493,3355,2688,1788,2019,1421,1931,1691,29974,1379,29975,29976,29990,2025,29989,29987,29994,29988,29992,29993]} 1. Nf3 d5 2. d4 Nf6 3. c4 c6 4. e3 Bf5 5. cxd5 cxd5 6. Nc3 e6 7. Ne5 Bd6 {LiveBook: 4 Games. D12: Slav Defence: 3 Nf3 Nf6 4 e3 Bf5} (7... Nfd7 8. g4 Bg6 9. Nxg6 hxg6 10. Bg2 Nc6 11. O-O f5 12. h3 Rc8 13. g5 Nb6 14. f4 Bb4 15. Ne2 Nc4 {0-1 (32) Porat,S (2459)-Motylev,A (2710) Ohrid 2009}) 8. g4 Bxe5 $1 9. gxf5 Bd6 {The position is equal.} 10. fxe6 fxe6 11. Bh3 Qe7 12. e4 $146 ({Predecessor:} 12. O-O Nc6 13. f4 O-O 14. Bd2 Qf7 15. Kh1 Bb4 16. Nb1 Bd6 17. Nc3 Bb4 {½-½ (17) Barsov,A (2445)-Horvath,C (2530) Val Thorens 1995}) 12... dxe4 13. Qb3 $36 {[%mdl 2048] White has the initiative.} Kf7 $2 (13... Nc6 $11 {and Black is okay.}) 14. Bg5 {Threatens to win with d5.} Nc6 (14... Bb4 $16) 15. O-O-O $18 {d5 is the strong threat.} Rac8 $2 (15... Rhc8 16. Bxf6 Qxf6) 16. Kb1 (16. d5 $142) 16... h6 $2 (16... Na5 {is more resistant.} 17. Qa4 Rxc3 18. bxc3 Qc7) 17. Bxf6 ({Less strong is} 17. d5 hxg5 18. Bxe6+ Kg6 $18) 17... gxf6 18. d5 Nd8 19. dxe6+ Kf8 20. Nxe4 Be5 21. Rd7 Qe8 22. e7+ Qxe7 23. Rxe7 Kxe7 24. Rd1 Rc7 25. Qa3+ Kf7 26. Nc5 (26. Nd6+ $142 Kg7 27. Rg1+ Kf8 28. Nxb7+ Ke8 29. Nxd8 Kxd8 30. f4 $1 {[%mdl 512]} Bxf4 31. Qb4) 26... Nc6 27. Nd3 (27. Qb3+ $142 Ke7 28. Qe6+ Kf8 29. Nd7+ Rxd7 30. Rxd7 Rh7 31. Rxh7 Nd8 32. Rh8+ Kg7 33. Qg8#) 27... Bd4 28. Qb3+ Kf8 29. Qe6 Rhh7 30. Bf5 Rhe7 31. Qd5 Re5 32. Qf3 (32. Qd6+ $142 Rce7 33. Qxf6+ Rf7 34. Qxh6+ Ke8 35. Nxe5 Bxe5 36. Bd7+ $1 {[%mdl 512]} Kd8 37. Qe6) 32... Ke7 33. Nxe5 Nxe5 34. Qh3 (34. Qd5 $142 Nf7 35. Qxd4 Rc6 36. Qe4+ Ne5 37. Rd7+ Ke8 {[#]} 38. Qd5 $1 {[%mdl 512]} Nxd7 39. Qxd7+ Kf8 40. Bg6 Rc1+ 41. Kxc1 Kg8 42. Qh7+ Kf8 43. Qf7#) 34... Rc5 35. Qxh6 {White mates.} Rb5 36. Qh7+ Nf7 37. Rxd4 {Precision: White = 64%, Black = 11%.} 1-0

[Event "RUS-chT Blitz Women 2018"]
[Site "Sochi"]
[Date "2018.10.10"]
[Round "1.4"]
[White "Kovanova, Baira"]
[Black "Shafigullina, Zarina"]
[Result "1-0"]
[WhiteElo "2350"]
[BlackElo "2150"]
[Annotator "TA"]
[PlyCount "65"]
[EventDate "2018.10.10"]
[EventType "swiss"]
[EventCountry "RUS"]
[SourceTitle "playchess.com"]
[Source "ChessBase"]
[SourceQuality "1"]

{[%evp 11,65,32,38,28,47,36,37,31,32,37,45,35,53,10,10,25,33,-1,24,-49,-44,-119,-122,-152,0,0,9,-18,-22,-26,26,20,17,18,306,40,138,73,412,397,475,456,425,123,137,115,622,579,1327,1151,2187,1661,2137,2056,29990,29990]} 1. Nf3 Nf6 2. g3 b6 3. Bg2 Bb7 4. d3 e6 5. e4 d6 6. O-O Be7 7. b3 {A05: Réti Opening: 1 Nf3 Nf6} (7. Nbd2 c5 8. Qe2 O-O 9. Ng5 Nfd7 10. Nh3 Nc6 11. f4 b5 12. Nf3 Rc8 13. c3 b4 14. c4 Nd4 15. Nxd4 cxd4 {0-1 (46) Jenni,F (2454)-Nayhebaver,M (2440) Balatonszarszo 2017}) 7... Nbd7 8. Bb2 O-O 9. Nbd2 {White is slightly better.} a5 10. a4 Rc8 $146 ({Predecessor:} 10... e5 11. Nh4 d5 12. Nf5 Bb4 13. exd5 Bxd2 14. Qxd2 Bxd5 {1-0 (30) Bezgodova,S (2060)-Shafigullina,Z (2130) Sochi 2017}) 11. Qe2 c5 12. Nh4 Ne8 13. Qg4 Ne5 14. Qh3 (14. Bxe5 $5 dxe5 15. Nc4 $11) 14... Bxh4 15. gxh4 (15. Qxh4 $11 Qxh4 16. gxh4) 15... Ng6 $1 $15 16. h5 (16. Qg3 $15) 16... Nf4 $17 17. Qg4 Nxg2 $2 (17... e5 $17 {Hoping for ...f5!} 18. Bf3 f5 $1 {[%mdl 512]}) 18. Qxg2 $11 Qh4 19. Nc4 {Nxd6! is the strong threat.} Rc6 20. f4 {[%cal Bf2f4,Bf4f5][%mdl 32]} Qxh5 ({Black should try} 20... d5 $1 21. Ne5 (21. exd5 exd5 22. Ne5 Rh6 $15) 21... Rd6) 21. f5 $1 $36 {[%mdl 2048] White has the initiative.} e5 22. Kh1 Nf6 $2 {[%mdl 8192] [#]} (22... f6 $11 {and Black has nothing to worry.}) 23. Rg1 $2 (23. Rf3 $1 $18) 23... g6 {[#]} ({Better is} 23... Ne8 $14) 24. Raf1 (24. Rae1 $142 $1) 24... Kg7 $2 {[%mdl 8192]} (24... d5 $16 {is a better chance.}) 25. Rf3 $18 {[%cal Bf1f3,Bf3h3,Bh3h5][%mdl 32]} h6 26. Bc1 {[%cal Bb2c1,Bc1h6,Bh6f8][%mdl 32]} d5 27. Nxe5 $2 (27. Rh3 $18 dxc4 28. bxc4) 27... dxe4 $16 28. Rh3 exd3 $2 {[%mdl 8192]} (28... Qxf5 $16 29. Bxh6+ (29. Nxc6 Bxc6 30. Bxh6+ Kg8 $14) 29... Kg8) 29. Rxh5 $18 Rc7 30. Bxh6+ Kh7 31. Bxf8+ Nxh5 32. Nf3 {[%cal Rf5g6]} Rc8 33. fxg6+ {Precision: White = 34%, Black = 26%.} 1-0

[Event "RUS-chT Blitz Women 2018"]
[Site "Sochi"]
[Date "2018.10.10"]
[Round "1.5"]
[White "Sukhareva, Evgeniya"]
[Black "Charochkina, Daria"]
[Result "1/2-1/2"]
[WhiteElo "2125"]
[BlackElo "2344"]
[Annotator "TA"]
[PlyCount "157"]
[EventDate "2018.10.10"]
[EventType "swiss"]
[EventCountry "RUS"]
[SourceTitle "playchess.com"]
[Source "ChessBase"]
[SourceQuality "1"]

{[%evp 20,157,66,67,72,65,66,37,81,64,116,100,110,116,123,110,115,106,111,0,152,106,150,94,93,62,65,45,50,52,88,62,67,53,68,56,62,36,93,84,110,53,62,70,49,55,71,0,72,77,170,162,162,160,170,182,280,182,250,217,238,216,279,209,326,63,72,69,75,68,85,93,106,79,196,197,212,198,251,212,283,273,367,351,342,338,410,407,440,446,391,391,437,418,428,427,417,295,409,129,279,278,283,268,264,245,248,250,291,78,139,27,27,27,27,19,19,0,0,0,0,0,0,0,0,0,0,0,10,6,6,6,6,6,6,0,8,0,10,0]} 1. d4 d5 2. Bf4 c5 3. e3 cxd4 4. exd4 Nc6 5. c3 Nf6 6. Nf3 a6 7. Bd3 e6 8. Nbd2 Bd6 9. Bxd6 Qxd6 10. O-O O-O 11. Re1 Bd7 {B13: Caro-Kann: Exchange Variation and Panov-Botvinnik Attack} (11... Qf4 12. Qe2 Qh6 13. Rad1 b5 14. a3 Nh5 15. Bb1 Ra7 16. Nb3 f6 17. g3 Re7 18. Nc5 g5 19. Ba2 {1-0 (45) Nideroest,B (2270)-Ermeni,A (2258) Switzerland 2004}) 12. Ne5 Ne7 13. h3 $146 ({Predecessor:} 13. Re3 b5 14. g4 Ng6 15. g5 Ne8 16. Qh5 f5 17. Nxg6 hxg6 18. Qxg6 Qf4 19. Qh5 {1-0 (63) Garro Beraza,J (1793)-Cobos Ceballos,C Padron 2008}) 13... Ng6 {White is slightly better.} 14. Nxg6 fxg6 (14... hxg6 $14 15. Nf3 Bb5) 15. Nf3 Nh5 16. Ne5 Nf4 17. Qd2 Rf6 18. Ng4 Rff8 19. Ne5 (19. a4 $16) 19... g5 $2 ({Better is} 19... Rf6 $1 $11) 20. Re3 Be8 21. Kh2 (21. Bf1 $142) 21... Bg6 22. Bxg6 Nxg6 23. Rae1 Rf5 24. Kg1 {Threatens to win with Nxg6.} Nf4 25. Nd3 Rf6 26. Re5 Raf8 27. Nxf4 (27. Nc5 {is more complex.} R8f7 28. Qe3 Qb6 29. b4 h6 30. a4) 27... gxf4 28. f3 Rg6 (28... b5 $14) 29. Qe2 $16 {[%cal Re5e6]} Rff6 30. Qf2 (30. c4 $16) 30... Rg3 31. Kh2 Rfg6 32. Rg1 Qe7 33. Qe2 (33. b3 $16) 33... Qf6 (33... Rh6 $1 $11) 34. c4 h6 (34... dxc4 $16 35. Qxc4 Qh4) 35. cxd5 $18 exd5 36. Rxd5 Qh4 37. Re5 R3g5 (37... Kh8 $142 38. Re6 (38. Re8+ Kh7 $16) 38... Rxe6 39. Qxe6 Kh7 40. Qe4+ Rg6 41. Qxb7 Qg3+ 42. Kh1 Qf2) 38. Rxg5 hxg5 {[%mdl 4096] Endgame KQR-KQR} (38... Qxg5 $142 39. Rc1 Qd5) 39. Qe8+ Kh7 40. Qe4 Qg3+ 41. Kh1 Kh6 (41... g4 {might work better.}) 42. Qe1 $2 ({Don't do} 42. Qxb7 Qf2 $18) ({White should play} 42. Rf1 $18) 42... Qxe1 $14 43. Rxe1 {KR-KR} Rd6 44. Rd1 Rd5 45. Kg1 Kg6 46. Kf2 Kf5 (46... Ra5 $16) 47. Ke2 $18 Rb5 48. b3 Ke6 (48... Rb6 $142 49. Rc1 Re6+ 50. Kd2 Re7) 49. Kd3 Ra5 50. Rd2 Kd6 51. a4 Rf5 52. Re2 g6 53. Re8 Rf7 54. Rg8 Rf6 55. Rg7 b6 56. Rb7 Kc6 57. Re7 Kd6 58. Rg7 Re6 59. b4 $2 (59. Kc4 $18) 59... b5 {[#]} (59... Kd5 $16 {was called for.}) 60. Ra7 $1 {[%cal Ra7a6]} Re3+ 61. Kd2 bxa4 62. Rxa6+ Kd5 63. Rxa4 Kxd4 64. Ra6 $2 (64. b5+ $18 {is the precise move to win.} Kc5 65. Ra6) 64... Rb3 $16 {[#]} 65. Rd6+ (65. Ke2 $1 $16) 65... Ke5 $1 $11 {[%cal Re5d6]} 66. Rxg6 Kf5 67. Rb6 (67. Ra6 {seems wilder.} Rxb4 68. Ra5+ Kg6 69. Ra2 Rb3 70. Rc2) 67... Rb2+ {The position is equal.} 68. Kd3 Rxg2 69. Rb5+ Kg6 70. Re5 Rg3 71. Ke4 {Black must now prevent b5.} Rxh3 72. b5 {b6 is the strong threat.} Rh1 73. Re6+ Kf7 74. Rc6 Rb1 75. b6 Rb5 76. Rh6 Kg7 77. Rc6 Kf7 78. Rh6 Kg7 79. Rc6 {Precision: White = 39%, Black = 30%.} 1/2-1/2

[Event "RUS-chT Blitz Women 2018"]
[Site "Sochi"]
[Date "2018.10.10"]
[Round "1.6"]
[White "Vasilevich, Tatjana"]
[Black "Chan, Naruna"]
[Result "0-1"]
[WhiteElo "2360"]
[BlackElo "1967"]
[Annotator "TA"]
[PlyCount "97"]
[EventDate "2018.10.10"]
[EventType "swiss"]
[EventCountry "RUS"]
[SourceTitle "playchess.com"]
[Source "ChessBase"]
[SourceQuality "1"]

{[%evp 25,97,-36,-33,-41,-19,-50,-20,-10,-18,-18,0,-4,0,-60,0,-33,0,0,0,0,0,0,0,-5,-5,-5,-5,-5,-5,-5,26,29,34,0,0,-1,-1,-1,-1,-82,-83,-99,-98,-153,-90,-142,-131,-139,-136,-699,-160,-161,-134,-202,-154,-525,-513,-550,-543,-583,-341,-267,-128,-104,-69,-764,-740,-724,-485,-444,-176,-664,-651,-581]} 1. d4 d5 2. c4 e6 3. Nc3 Nf6 4. cxd5 exd5 5. Bg5 Be7 6. e3 O-O 7. Bd3 c6 8. Qc2 h6 9. Bh4 Re8 10. Nf3 Nbd7 11. O-O Ne4 12. Bg3 Nxg3 13. hxg3 Nf6 14. Rab1 {D36: Queen's Gambit Declined: Exchange Variation: Main line (5 Bg5 c6 6 Qc2)} Be6 (14... Bb4 15. a3 Bxc3 16. bxc3 Qd6 17. a4 c5 18. c4 dxc4 19. Bxc4 b6 20. Rfc1 cxd4 21. Nxd4 Bd7 {½-½ (40) Krstulovic,A (2278)-Papp,L (2086) Hajduboszormeny 2016}) 15. Ne5 $146 ({Predecessor:} 15. b4 a6 16. a4 Qc7 17. Rfc1 a5 {1-0 (49) Broekman,W (2151)-Mazza,M Saint Vincent 2006}) 15... Ng4 (15... Bd6 {is interesting.} 16. Nf3 Rc8 17. Rfe1 Rc7 18. Rbc1 Rce7) 16. Nxg4 {The position is equal.} Bxg4 17. b4 a6 18. a4 Rc8 19. Qb3 (19. Bh7+ $11 Kf8 20. Bf5 Bxf5 21. Qxf5) 19... Be6 (19... b5 $15) 20. Rfc1 Qd6 21. b5 axb5 22. axb5 c5 23. dxc5 Rxc5 {aiming for ...d4.} 24. Qa4 Rec8 25. Ne2 Rxc1+ 26. Rxc1 Rxc1+ 27. Nxc1 Qc7 28. Ne2 Bf6 29. Qa8+ (29. Nf4 {with more complications.} Qc8 30. Nxe6 fxe6 31. Bg6 Bd8 32. Qa3) 29... Qc8 30. Qxc8+ (30. Qa7 {feels hotter.} g5 31. f3 h5 32. Kf2 Kg7 33. f4) 30... Bxc8 $11 {[%mdl 4096] Endgame KBB-KBN} 31. Kf1 Kf8 32. Ke1 (32. Nf4 $11 {keeps the balance.}) 32... Ke7 $17 33. Kd2 Kd6 34. Nd4 (34. Nc1 $142) 34... Bd7 ({Better is} 34... Kc5 35. Bf5 Bxf5 36. Nxf5 d4 37. exd4+ Bxd4) 35. Kc2 (35. Nb3 $142) 35... Kc5 36. Nb3+ Kb4 37. b6 $2 {[%mdl 8192]} (37. Nc1 $17) 37... Bd8 $2 (37... Ba4 $19 38. Kd2 Bc3+ 39. Ke2 Bxb3) 38. Nd4 Bxb6 39. Bf5 (39. Nf5 $17) 39... Be8 {White must now prevent ...Bxd4.} 40. Bc8 $2 {[#]} (40. Nf3 $17) 40... Bxd4 $1 $19 41. exd4 {KB-KB} b5 42. Kd3 {If White can now play Bb7 this consolidates a bit.} Ka3 43. Bb7 {[#]} b4 (43... Bd7 $1 $19 {[%cal Rd7f5] has better winning chances.} 44. Bxd5 Bf5+ 45. Ke3 f6) 44. Bxd5 $17 f6 45. Kc2 $2 {[%mdl 8192]} (45. Be4 $15) 45... Bg6+ $19 46. Kc1 Bd3 47. Kd2 Bf1 $2 (47... Bh7 48. f3 b3 49. Bxb3 Kxb3) 48. f4 $2 (48. Be4) 48... b3 49. Kc3 {Precision: White = 21%, Black = 32%.} 0-1

[Event "RUS-chT Blitz Women 2018"]
[Site "Sochi"]
[Date "2018.10.10"]
[Round "1.7"]
[White "Sukhareva, Valentina"]
[Black "Tomilova, Elena"]
[Result "0-1"]
[WhiteElo "1817"]
[BlackElo "2328"]
[Annotator "TA"]
[PlyCount "52"]
[EventDate "2018.10.10"]
[EventType "swiss"]
[EventCountry "RUS"]
[SourceTitle "playchess.com"]
[Source "ChessBase"]
[SourceQuality "1"]

{[%evp 16,52,45,43,136,44,41,30,31,19,35,32,62,64,55,53,78,66,70,25,47,-1416,-1435,-1491,-1495,-1508,-1504,-1608,-1608,-1613,-1550,-1635,-1631,-2350,-2336,-2184,-1984,-3117,-1789]} 1. d4 d5 2. c4 c6 3. Nc3 dxc4 4. e3 b5 5. a4 b4 6. Ne4 {D10: Slav Defence: 3 cxd5 (without early Nf3) and 3 Nc3} Qd5 7. Nd2 Ba6 (7... c3 8. bxc3 bxc3 9. Nb1 Qa5 10. Qc2 Na6 11. Qxc3 Qxc3+ 12. Nxc3 Nb4 13. Rb1 a5 {1-0 (79) Wojtaszek,R (2750)-Bartel,M (2604) Warsaw 2018}) 8. Qc2 Nf6 9. Ngf3 {[%cal Rd2c4] LiveBook: 10 Games} Nbd7 {[#]} (9... c5 $14) 10. Bxc4 ({Resist} 10. Nxc4 $6 b3 $11) ({White should try} 10. e4 $1 $16 {[%cal Re4d5]} Qe6 11. Ng5) 10... Bxc4 $14 11. Qxc4 e6 12. O-O $146 ({Predecessor:} 12. Qe2 Be7 13. O-O O-O 14. e4 Qh5 15. Nb3 c5 16. Bg5 cxd4 17. Nbxd4 {½-½ (23) Adamski,J (2450)-Sygulski,B (2270) Gdynia 1985}) 12... Be7 13. b3 Nb6 14. Qe2 O-O 15. Bb2 Ne4 16. Rac1 Rac8 17. Nc4 Qh5 18. Nfe5 $2 {[%mdl 8192]} (18. Qd3 $14 Qd5 19. Nfe5) 18... Qxe2 $19 {Black is clearly winning.} 19. f3 Nxc4 20. Nxc4 Nd6 21. Rf2 Qd3 22. Ne5 Qxb3 23. a5 Qxe3 24. Nc4 Nxc4 25. Rxc4 Bf6 {[#] ...c5 is the strong threat.} 26. Rxb4 Qe1+ {Precision: White = 32%, Black = 11%.} 0-1

[Event "RUS-chT Blitz Women 2018"]
[Site "Sochi"]
[Date "2018.10.10"]
[Round "1.8"]
[White "Illina, Natalia"]
[Black "Seregina, Maria"]
[Result "0-1"]
[WhiteElo "2106"]
[BlackElo "1923"]
[Annotator "TA"]
[PlyCount "93"]
[EventDate "2018.10.10"]
[EventType "swiss"]
[EventCountry "RUS"]
[SourceTitle "playchess.com"]
[Source "ChessBase"]
[SourceQuality "1"]

{[%evp 12,93,21,12,42,33,49,34,34,-4,10,12,18,12,20,8,39,17,43,46,93,28,38,34,71,66,86,76,141,2,2,-267,-9,-146,-143,-143,-135,-146,-132,-257,-241,-322,-318,-312,-305,-380,-377,-472,-316,-632,0,0,0,-620,-403,-396,-388,-458,-445,-454,-444,-611,-546,-560,-560,-572,-567,-733,-534,-483,-436,-692,-650,-608,-260,-1262,-1210,-1165,-1076,-1301,-787,-29990,-29991,-29993]} 1. e4 c5 2. Nf3 Nc6 3. Bb5 d6 4. d4 cxd4 5. Qxd4 Bd7 6. Qd3 Nf6 7. c4 {LiveBook: 88 Games. B53: Sicilian: 2...d6: Lines with Qxd4} e5 (7... g6 8. O-O Bg7 9. Nc3 O-O 10. h3 Rc8 11. Be3 a6 12. Bxc6 Bxc6 {½-½ (26) Karjakin,S (2760)-Nepomniachtchi,I (2729) Riadh 2017}) 8. Nc3 Be7 $146 ({Predecessor:} 8... a6 9. Bxc6 Bxc6 10. Bg5 h6 11. Bxf6 Qxf6 12. Nd5 Qd8 13. a4 Bxd5 14. Qxd5 {0-1 (24) Le Goff,F (2009)-Henry,G (2140) Reims 2004}) 9. O-O {White is slightly better.} O-O 10. Nd5 Nxd5 11. cxd5 Nb4 12. Qc4 Bxb5 13. Qxb5 Qb6 (13... Nc2 $5 {[%cal Rc2a1]} 14. Rb1 Qb6 $11) 14. Qd7 Rfe8 15. Be3 Qa5 16. Bd2 (16. Rfc1 $16) 16... Qb6 $1 $11 17. Qa4 Na6 18. b4 Rac8 19. Rac1 Red8 ({Black should play} 19... Kf8) 20. b5 (20. a3 $16 {Hoping for Be3.} Nc7 21. Be3) 20... Nc5 21. Qb4 $2 {[%mdl 8192] [#]} (21. Qc4 $11 {and White stays safe.}) 21... a6 $2 (21... Nd3 $19 22. Qb3 Nxc1 23. Bxc1 Qc5) 22. Qa5 (22. bxa6 $11 {keeps the balance.} Qxa6 23. Qb1) 22... Qxb5 $17 23. Qxb5 axb5 24. Ba5 Rf8 25. Nd2 (25. Bb4 $17) 25... Ra8 $19 26. Bb4 Rxa2 27. Ra1 Rfa8 28. Rxa2 Rxa2 29. Rc1 h6 30. Kf1 $2 (30. Nf1) 30... Rb2 31. Bc3 Ra2 32. Bb4 $1 Ra4 33. Bxc5 dxc5 {[%cal Bd6c5,Bc5c4][%mdl 4128] Endgame KRB-KRN} 34. Nb3 c4 35. Nd2 b6 36. Nb1 Ra8 37. Nc3 b4 38. Nb5 {White hopes to continue with d6.} c3 39. d6 Bf8 40. Ke2 Ra5 41. Nc7 (41. d7 $142 Ra2+ 42. Ke1) 41... Bxd6 42. Nd5 Rc5 (42... Ra2+ $142 43. Kd3 Rxf2) 43. Nxb6 $2 (43. Nxb4 Rc4 44. Nd5) 43... b3 {[%cal Bb4b3,Bb3b2][%mdl 32] [#] ...b2 is the strong threat.} 44. Na4 b2 45. Rf1 c2 46. Nxc5 Bxc5 47. Ke1 {Precision: White = 20%, Black = 37%.} 0-1